Kursus perhubungan pelanggan : 28 Oktober - 1 November 2002

Bibliographic Details
Format: Book
Subjects:

MARC

LEADER 00000cam a2200000 7i4500
001 0000025880
005 20150408.0
040 |a INS 
090 0 0 |a M98 
245 0 0 |a Kursus perhubungan pelanggan :   |b 28 Oktober - 1 November 2002 
650 0 0 |a Jabatan Penilaian dan Perkhidmatan Harta 
999 |a M000000135   |b BOOK   |c Course Notes   |e Default branch